| 000 | 01387nam a22003377a 4500 | ||
|---|---|---|---|
| 999 |
_c29548 _d29519 |
||
| 003 | EG-ScBUE | ||
| 005 | 20211004142454.0 | ||
| 008 | 210930s2000 ua f b 000 0 ara d | ||
| 017 | _a2000/7015 | ||
| 020 | _a9770166626 | ||
| 040 |
_aEG-ScBUE _bara _erda _cEG-ScBUE _dEG-ScBUE |
||
| 041 | 1 |
_aara _heng |
|
| 082 | 0 | 4 |
_a792.01 _bت ف س _222 |
| 245 | 0 | 2 |
_aالتفسير والتفكيك والأيديولوجية ودراسات أخرى / _cبيتر بروك [وآخرون] ؛ اختيار وتقديم نهاد صليحة. |
| 264 | 1 |
_a[القاهرة] : _bالهيئة المصرية العامة للكتاب، _c2000. |
|
| 300 |
_a347 صفحة ؛ _c24 سم |
||
| 336 |
_2rdacontent _aنص _btxt |
||
| 337 |
_2rdamedia _aبدون وسيط _bn |
||
| 338 |
_2rdacarrier _aمجلد _bnc |
||
| 490 | 0 | _aألف باء | |
| 504 | _aيشتمل على إرجاعات ببليوجرافية. | ||
| 541 | _cDonation. | ||
| 546 | _aالنص باللغة العربية وتم ترجمته من اللغة الإنجليزية. | ||
| 650 | 7 |
_aالمسرحيات _xتاريخ ونقد. _2BUEsh |
|
| 650 | 7 |
_aالمسرح _xفلسفة ونظريات. _2BUEsh |
|
| 653 | 7 |
_aBUEsh _bART _cSeptember2021 |
|
| 655 | 7 |
_2BUEsh _vReading book _934232 |
|
| 700 | 1 |
_aصليحة، نهاد، _eمقدم. _eمترجم. |
|
| 700 | 1 |
_aبروك، بيتر، _41925- _eمؤلف. |
|
| 942 | _2ddc | ||